| 000 | 00722nam a2200229 a 4500 | ||
|---|---|---|---|
| 001 | 62628 | ||
| 003 | BD-RjUL | ||
| 005 | 20211209081115.0 | ||
| 008 | 170124s19521909enk 000 0 eng d | ||
| 035 | _aBD-RjUL62754 | ||
| 035 | _a(OCoLC)52986254 | ||
| 040 |
_aSMI _cSMI _dm.c _dEQO _dBD-RjUL _beng |
||
| 041 | _aeng | ||
| 082 |
_223 _a813 _bSTU 1952 |
||
| 090 |
_aPS2954 _b.U5 1890 |
||
| 100 | 1 |
_aStowe, Harriet Beecher, _d1811-1896. _9186182 |
|
| 245 | 1 | 0 |
_aUncle Tom's cabin : _bA tale of life among the lowly / _cby Harriet Beecher Stowe |
| 260 |
_aLondon : _bHutchinson, _c1909 [reprint 1952] |
||
| 300 |
_aviii, 331 p. : _bill. ; _c22 cm |
||
| 650 | 0 |
_aSlaves _xSocial conditions _vFiction. _9186183 |
|
| 942 |
_2ddc _cBK |
||
| 999 |
_c62628 _d62628 |
||